Memoria Nicoya /
Sábháilte in:
| Príomhchruthaitheoir: | |
|---|---|
| Údair chorparáideacha: | , |
| Rannpháirtithe: | |
| Formáid: | Téacs |
| Foilsithe / Cruthaithe: |
San José:
UCR.IIS
|
| Ábhair: | |
| Clibeanna: |
Cuir clib leis
Níl clibeanna ann, Bí ar an gcéad duine le clib a chur leis an taifead seo!
|
MARC
| LEADER | 00000 a a2200000 04500 | ||
|---|---|---|---|
| 001 | 27496 | ||
| 003 | |||
| 040 | |||
| 090 | |a 185102 | ||
| 100 | |a Fernández Arias, Mario E. | ||
| 110 | |a Universidad de Costa Rica. Instituto de Investigaciones Sociales | ||
| 245 | |a Memoria Nicoya / |c Universidad de Costa Rica. Instituto de Investigaciones Sociales | ||
| 260 | |a San José: |b UCR.IIS | ||
| 300 | |a p. irreg.; vol. 2 |b **no definido** | ||
| 650 | |a PEQUEÑOS AGRICULTORES | ||
| 650 | |a TLC | ||
| 650 | |a EDUCACION COMUNITARIA | ||
| 650 | |a PODER DE LA COMUNIDAD | ||
| 650 | |a JUVENTUD RURAL | ||
| 700 | |a Chaves Jiménez, Rocío | ||
| 710 | |a Universidad Nacional. Escuela de Economía | ||
| 999 | |c 10778 |d 10778 | ||
